000 00682nam a2200205Ia 4500
003 GCL
008 140319s9999 xx 000 0 ara d
040 _aGCL /
_cGCL
082 0 4 _a327.730569
_bك و
100 1 _aكامل ابوجابر
245 1 0 _aالولايات المتحدة الامريكية واسرائيل /
_cكامل ابوجابر
260 _a[S.N] :
_bمعهد البحوث والدراسات العربية ،
_c1971
300 _a166 ص
490 _a
650 0 4 _aالولايات المتحدة الامريكية
650 0 4 _aالشرق الاوسط
650 0 4 _aاسرائيل
650 0 4 _aالعلاقات الخارجية
942 _2ddc
_cBK
999 _c55807
_d55807